Atlas slovenského jazyka 2 flexia

Saved in:
Bibliographic Details
Format: Book
Language:Slovak
Published: Bratislava Veda 1978
Tags: Add Tag
No Tags, Be the first to tag this record!

MARC

LEADER 00000nam a2200000 4500
001 c106545
005 20260327064832.8
041 0 |a slo 
044 |a SK 
245 1 0 |a Atlas slovenského jazyka 2  |b flexia  |c Jozef Štolc 
264 1 |a Bratislava  |b Veda  |c 1978 
300 |a 188 s.